Statistics for Slovakian things [pic]

Click here to take the quiz!

General Stats

  • This quiz has been taken 99 times
  • The average score is 8 of 16

Answer Stats

Answer% Correct
Juraj Jánošík
92%
Bratislava Castle
84%
Fujara
73%
Halušky
73%
Beer
69%
Valaška / Shepherd's axe
63%
Kapustnica
55%
Čumil / Man at Work
43%
Elizabeth Báthory
36%
Wine
36%
Caves / Stalagmites
35%
Biatec
25%
Andy Warhol Museum
24%
Ján Kollár
15%
Slovak Radio HQ
15%
Svatopluk the Great
13%

Score Distribution

Percentile by Number Answered

Percent of People with Each Score

Your Score History

You have not taken this quiz